01313nab a22002177a 4500003000400000005001700004008004100021040000700062100002800069245016600097260007300263300001200336500003800348505036700386505008200753650001800835650002700853650004200880650001900922773015400941OSt20251219175537.0190429b xxu||||| |||| 00| 0 spa d cPJ a Elías, Juan Ignacio 10aLey 27.786 y estándares de participación en asociaciones mafiosas. Un análisis a la luz de la normativa y jurisprudencia italiana /cJuan Ignacio Elías . cCiudad Autónoma de Buenos Aires :aThomson Reuters La Ley, b2025. ap. 5-16 a Cita: TR LALEY AR/DOC/2849/2025. aSumario: I. Introducción.— II. Mafia ¿ Crimen organizado.— III. La reforma penal argentina (ley 27.786).— IV. La asociación mafiosa en el Cód. Penal italiano.— V. Derecho penal de la emergencia y garantismo: la crítica de Ferrajoli.— VI. El standard de participación elaborado en la jurisprudencia italiana.— VII. Consideraciones finales.  tSi te interesa el texto completo, solicitalo a koha@justierradelfuego.gov.ar  0aDERECHO PENAL 0aASOCIACIÓN ILÍCITA 0aDERECHOS Y GARANTIAS CONSTITUCIONALES 0aDEBIDO PROCESO0 02658tRevista de derecho penal y criminología. Nº 11 - Diciembre 2025dCiudad Autónoma de Buenos Aires : Thomson Reuters La Ley, 2017-x00347914